00705nam a2200229 a 4500001001300000003000900013005001700022008004100039020002200080082001600102100001600118245006200134260004100196300000900237500003500246650002900281700001600310902000800326942000700334952011700341999001700458nice12345678IN_TiNIC20260116015048.0130520s2002 ahma grp 000 0 eng  a817229008X c3000a923.2bGAN2 aGandhi, M K aAn Autobiographyb The Story of My Experiments With Truth aAhmedabadbNavjivan Pub.House c2002 a464p aincludes index and biblioraphy aGandhi M K-Autobiography1 aGandhi, M K bSRS cBK 001040708StackRoom-aHMIbHMId2013-05-20g30.00l0o923.2 GAN2p11002394r2013-05-20v30.00w2013-05-20yBK c18150d18150